| 000 | 00697nam a22002177a 4500 | ||
|---|---|---|---|
| 003 | OSt | ||
| 005 | 20260427045639.0 | ||
| 008 | 260427b |||||||| |||| 00| 0 eng d | ||
| 020 | _a978-621-451-004-7 | ||
| 040 |
_aDWC-Main Lib. _cOC |
||
| 082 | _aRes. 401.93 M266l 2021 | ||
| 100 | _aMananay, Janet A. | ||
| 245 |
_aLanguage, Culture and Society/ _cJanet A. Mananay |
||
| 260 |
_aQuezon City, Philippines : _bLorimar Publishing inc., _cc2021. |
||
| 300 |
_axii, 102 pages : _billustrations ; _c25cm. |
||
| 500 | _aIncludes bibliographical references. | ||
| 650 | _a1. Culture. | ||
| 650 | _a2. Sociolinguistics. | ||
| 700 | _aSumalinog, Gino G. | ||
| 942 |
_2ddc _cBK-0 CIRC _hRes. _n0 |
||
| 999 |
_c9917 _d9917 |
||